000 00797nam a2200241Ia 4500
008 191130s2010##################000#0#eng##
020 _a9780763765439
022 _a2009024781
040 _aACL
_cACL
082 _a362.1068 POR
245 _aInnovation leadership : creating the landscape of health care
_c[edited by] Tim Porter-O'Grady, Kathy Malloch
260 _aBoston, MA
_bJones and Bartlett Publishers
_cc2010
300 _axv, 366 p. : ill. ; 23 cm
500 _aIncludes bibliographical references and index
650 _aHealth Services Administration
650 _aLeadership
650 _aOrganizational Innovation
700 _aMalloch, Kathy
700 _aPorter-O'Grady, Timothy
990 _acb816920ac10000c10320ae23063e8cb
991 _a362278
999 _c215512
_d215512